| 000 | 00657nam a2200193 i 4500 | ||
|---|---|---|---|
| 001 | 124292 | ||
| 003 | ES-MaACL | ||
| 005 | 20250827062623.0 | ||
| 007 | t| | ||
| 008 | 070214s1954 sp l |||| | spa d | ||
| 110 | 1 |
_aEspaña _93622 |
|
| 130 | 0 | 0 |
_aLeyes, etc. _9122601 |
| 245 | 1 | 0 |
_aReforma de las Haciendas locales _b: Ley de Bases de 3 de diciembre de 1953 y Decreto del 18 con su texto articulado / _cAbella ; por la redacción de El Consultor de los Ayuntamientos. |
| 260 |
_aMadrid : _b[s. n.], _c1954. |
||
| 300 |
_a100 p. ; _c17 cm. |
||
| 700 | 1 |
_aAbella y Fuertes, Joaquín, _918056 |
|
| 852 |
_aES-MaACL _j1955-F-9 |
||
| 999 |
_c124292 _d124292 |
||